Reinforcing properties of a modified carbon black in NR and in an NR-NBR blend (Record no. 66657)

MARC details
000 -LEADER
fixed length control field 00512nam a2200181Ia 4500
100 ## - MAIN ENTRY--AUTHOR NAME
Personal name Ghosh A K
245 #0 - TITLE STATEMENT
Title Reinforcing properties of a modified carbon black in NR and in an NR-NBR blend
260 ## - PUBLICATION, DISTRIBUTION, ETC. (IMPRINT)
Name of publisher Kautschuk Gummi Kunststoffe
Year of publication 1999
300 ## - PHYSICAL DESCRIPTION
Number of Pages 681-688
650 ## - SUBJECT ADDED ENTRY--TOPICAL TERM
Topical Term Abrasion
650 ## - SUBJECT ADDED ENTRY--TOPICAL TERM
Topical Term Flex cracking resistance
650 ## - SUBJECT ADDED ENTRY--TOPICAL TERM
Topical Term Heat build up
650 ## - SUBJECT ADDED ENTRY--TOPICAL TERM
Topical Term Modified carbon black
650 ## - SUBJECT ADDED ENTRY--TOPICAL TERM
Topical Term NR/NBR blend
700 ## - ADDED ENTRY--PERSONAL NAME
Personal name Adhikari B
942 ## - ADDED ENTRY ELEMENTS (KOHA)
Koha item type Journals
Holdings
Withdrawn status Lost status Damaged status Not for loan Home library Current library Shelving location Date acquired Serial Enumeration / chronology Koha item type
      Journals RRII Library RRII Library Rubber chemistry 17/12/2021 Volume 52, Issue 10 Journals